000 01816nam a2200445 c 4500
003 BLK
005 20250317121224.0
008 180412b bul|||||r ||||||| ||bul||
010 _aKNG00007086000
020 _a954-607-497-7
_bиздат.: ЛИК
040 _aBLK
041 _aBUL
_cBUL
080 _a
_b291.2/.3
_x
_z291.2/.3
080 _a
_b398.3/.4
_x
_z398.3/.4
080 _aТеория и философия на историята. Морфология на историята
_b930.1
_x
_z930.1
100 1 _aЕлиаде, Мирча
_eпърви автор
_9249929
700 1 _aДаскалов, Антон
_eпрев. от англ.
_9250722
139 _aЕлиаде, Мирча
_bЕ 51
245 1 0 _aМит и реалност
_cМирча Елиаде; прев. от англ. Антон Даскалов.
257 _aROM
260 София
_bЛИК
_c2001
300 _a182 с.
_c20 см
380 _a2
500 _aПрев. по Myth and realiti / Mircea Eliade. - Офс. изд. - Съдържа и Митове и вълшебни приказки ; Основна библиогр. / Рут Нанда Аншен. - Библиогр. под линия.
650 4 _aРелигии - история
_9245761
650 4 _aМитология - философски основи
_9250723
650 4 _aЦивилизация - история
_9250724
650 4 _aКосмогония
_9159535
650 4 _aЕсхатология
_9155109
653 _aмитове
653 _aрелигии
653 _aкосмогония
653 _aесхатология
852 _aЦб 210686
856 4 _qpdf
_u
856 4 _qpdf
_u
942 _cKNG
_n0
_02
944 _aCR
_c15.01.2003
_k30552
_lВиолета Тройчева
944 _aED
_c07.03.2006
_k
999 _c5876
_d5876